Quizzes
Events
Quiz Creation
Community
Videos
Private Events
Remove Ads
Sign In
Join for FREE
Feedback
Dark Mode
Quiz Categories
Sports
Geography
Music
Movies
Television
Just For Fun
Miscellaneous
History
Literature
Language
Science
Gaming
Entertainment
Religion
Holiday
For Kids
Quiz Lab
Recent
Popular Today
Quiz Kudos Today
Editor Picks
Curator Picks
Quizzes by...
Day
Popularity
Type
Ratings
Length
Year
Community
Subscriptions
Recent Discussions
Orange Saloon
Badges
Playlists
Quests
Create
Leaderboards
Showdown
Live 5
Trivia Bingo
Activity
Puzzle Library
Sporcle Events
Private Events
Virtual Trivia
Globe League
Become a Host
Pub Owners
SporcleCon
Opinionation
Our Games
Videos
Blog
Mobile Apps
Partnerships
Remove Ads and Go Orange
Feedback
Music
Pop Music
The Beatles
Song
Album
Lyrics
Bands
Singers
Artist
Clip
Rock
Rap
Classical
Billboard
Country Music
Kpop
Taylor Swift
Music
Pop Music
The Beatles
Song
Album
Lyrics
Bands
Singers
Artist
Clip
Rock
Rap
Classical
Billboard
Country Music
Kpop
Taylor Swift
Random Quiz
Search Sporcle
×
Quiz Lab
Quiz Lab
Music
Taylor Swift
Type in answers that appear in a list
Type in answers that appear in a list
Classic
Best Score? Go Orange.
Taylor Swift Song Blitz Stats
Can you name the Taylor Swift Song Blitz?
By
Iz13
2m
82 Questions
323 Plays
323 Plays
323 Plays
Comments
Comments
Give Quiz Kudos
Give Quiz Kudos
-
- Ratings
hide this ad
More Info
Replay
Link that replays current quiz
Next Quiz
Link to next quiz in quiz playlist
You Got
0%
They Got
Avg Score
30%
Avg Friend Score
Upgrade to see
Score Distribution
Jump to the score distribution portion of the page
Score
0/82
Timer
02:00
0
Plays Today
Song
% Correct
Red
73.7%
Fearless
73%
Tim McGraw
71.7%
Mine
67.4%
Love Story
65.2%
Ours
64.9%
Fifteen
63%
Mean
61.2%
You Belong With Me
59.3%
Our Song
57.8%
Speak Now
56.8%
Teardrops On My Guitar
55.9%
Picture To Burn
54.7%
Sparks Fly
54.7%
White Horse
50.6%
Back To December
50.3%
22
47.8%
Change
46.9%
Dear John
46.6%
Enchanted
43.8%
Hey Stephen
43.5%
I Knew You Were Trouble
41.7%
Should've Said No
40.4%
The Best Day
40.4%
Innocent
40.4%
Breathe
39.8%
State of Grace
38.5%
Cold as You
38.2%
Song
% Correct
Forever and Always
37.9%
Long Live
37.6%
Haunted
37.3%
Treacherous
37.2%
Last Kiss
36.3%
The Outside
35.7%
All Too Well
35.6%
The Story of Us
35.1%
Invisible
34.5%
A Place In This World
34.2%
We Are Never Ever Getting Back Together
33.6%
Starlight
33.6%
Begin Again
33.6%
Better Than Revenge
32.3%
Stay Beautiful
30.7%
Never Grow Up
30.7%
Superman
30.7%
Stay Stay Stay
30.4%
You're Not Sorry
28.6%
The Last Time
28.3%
I'm Only Me When I'm With You
28%
Tied Together With a Smile
27.6%
I Almost Do
27.5%
Tell Me Why
26.7%
The Way I Loved You
26.4%
Everything Has Changed
25.9%
Jump Then Fall
25.8%
The Lucky One
25.1%
Song
% Correct
Holy Ground
24.3%
If This Was A Movie
21.4%
A Perfectly Good Heart
19.6%
Superstar
19.6%
Untouchable
18%
Come In With The Rain
18%
Mary's Song (Oh My My My)
16.5%
The Other Side Of The Door
16.1%
The Moment I Knew
15.4%
Girl At Home
15.4%
Come Back Be Here
14.6%
Today Was A Fairytale
14%
Crazier
13.7%
I Heart ?
12.7%
Beautiful Eyes
10.6%
Safe and Sound
7.9%
Eyes Open
7.9%
Silent Night
5.3%
White Christmas
4.7%
Santa Baby
4.3%
Christmases When You Were Mine
3.7%
Breathless
3.7%
Last Christmas
3.4%
Christmas Must Be Something More
3.1%
Sad Beatiful Tragic
1.6%
Forever and Always (Piano Edition)
1.6%
Quiz Playlist
Details
Report
Send in Message
Add To Playlist
More Info:
Name as many released Taylor Swift Songs as possible in two minutes.
Classic:
Type in answers that appear in a list
Last Updated: Feb 16, 2017
Quiz Scoreboard
CHALLENGE
Sign Up to Join the Scoreboard
Show All
Scores
Hide
Comments
May contain spoilers
Recently Published
Billboard Blitz: Fleetwood Mac
by CooCooCachoo
Music
15s
Presidents Visiting Landmarks
by Hejman
History
7m
An Introduction to Baseball
by treessimontrees
Sports
5m
More to Explore
Quiz From the Vault
Featured Blog Post
Where Did the Easter Bunny Come From?
hide this ad
You Might Also Like...
Tags
Blitz Quiz
Taylor Swift Quiz
Today's Top Quizzes in Music
Browse Music
hide this ad
Today's Top Quizzes in Taylor Swift
Browse Taylor Swift
Top Contributed Quizzes in Music
1
Taylor Swift All Songs (2024)
2
Guess the Artist- 70s Songs
3
7-to-1: Billboard Hot 100 #1 Hits of 2010s
4
Sorting Albums and Songs
5
Taylor Swift Logic Puzzle
6
KPOP LOGIC QUIZ
7
One Thing in Common: Music
8
Guess the Taylor Swift song (Mystery Song)
9
2010s Album by Cover III
10
Guess The Taylor Swift Lyrics Song #1
Explore More
Trending Topics
Marvel
NBA
Kpop
Anime
Crossword
Harry Potter
Disney
The Office
Puzzle
Pokémon
Country
Song
Soccer
WWE
NFL
hide this ad
More By:
Iz13
Quiz
Plays
Rating
Category
Featured
Created
Taylor Swift- Speak Now CD Lyrics
3,222
3.93
Music
Mar 5, 2011
Most Common Baby Middle Names 2010
3,173
5.00
Miscellaneous
Feb 4, 2012
HARRY POTTER TRIVIA
968
3.07
Literature
Mar 27, 2011
Harry Potter Hogwarts Students
915
3.88
Literature
Mar 7, 2011
Harry Potter Spells, Charms, and More
484
3.80
Literature
Mar 7, 2011
Go to Creator's Profile
Score Distribution
Quiz Creator Spotlight
Iz13
Follow
Send a Message
Quizzes Created
-
Created Quiz Play Count
-
More By This Creator
Popular Quizzes Today
1
Find the US States - No Outlines Minefield
2
Find the Countries of Europe - No Outlines Minefield
3
The Countries of the World
4
Find the US States
5
Risky Map Clicking: Biggest States A-Z
6
US States
7
Popular People in 1961
8
Movies - When Are They Set?
More Music Quizzes
90s Female Artist by Song Title
Published
Trending Quizzes
Risky Map Clicking: Least Populous States A-Z
1-10 Letter G Words
1-10 Letter F Words
Risky Map Clicking: Next State Alphabetically
Click the Washington State Counties! (Map)
Recently Updated
Leaping Animals
pecheneg
Reality TV Shows (A-Z)
bhenderson79
Rickey Henderson's Hall of Fame Teammates
pecheneg
Champions League XIs: Arsenal
pecheneg
Quick Pick: Celebrities in WWE's Hall of Fame
aduchscher
A-Z Keypad Blitz II
pecheneg
Multiple Oscar Actors
pecheneg
Mystery Phrase Blitz: Oscar 'Best Actors'
pecheneg
F. Scott Fitzgerald Novels
LTH
Pick 3 Villains
ddd62291
Trending Topics
Crossword
NBA
Harry Potter
Marvel
Anime
Kpop
Disney
Soccer
Puzzle
The Office
Country
Pokémon
WWE
Song
NFL
Your Account Isn't Verified!
In order to create a playlist on Sporcle, you need to verify the email address you used during registration. Go to your
Sporcle Settings
to finish the process.
Report this User
Report this user for behavior that violates our
Community Guidelines
.
Details:
Send Report
Go to the Sporcle.com Mobile Site →
Comments